Guess these Russian words - Statistics

General Stats
  • This quiz has been taken 175 times
  • The average score is 8 of 16
Answer Stats
Hint Answer % Correct
девушка girl
80%
собака dog
77%
кошка cat
74%
мир world
73%
машина car
71%
немецкий German
65%
игра game
63%
полдень afternoon
56%
врач doctor
46%
деревня village
44%
пулемет machine gun
35%
закон law
33%
волшебник wizard
30%
пещера cave
29%
дыра hole
29%
ратуша city hall
22%
No matching quizzes found
Score Distribution
Percent of People with Each Score
Percentile by Number Answered
Your Score History
You have not taken this quiz